| 000 | 00532nam a22001937a 4500 | ||
|---|---|---|---|
| 003 | KOHA_MİRAKIL | ||
| 005 | 20240930101012.0 | ||
| 008 | 240929b2020 tu ||||| |||| 00| 0 tur d | ||
| 020 | _a9786257245104 | ||
| 040 |
_aTR-AnABB _btur _cTR-AnABB |
||
| 041 | _atur | ||
| 082 |
_a828.3354 _bLOF 2020 |
||
| 100 | _aLofting, Hugh. | ||
| 245 | 0 |
_aDoktor Dolittle’nin serüveni / _cHugh Lofting. |
|
| 260 |
_aAnkara : _bMirhan Kitap, _c2020. |
||
| 300 |
_a298 sayfa ; _c20 cm. |
||
| 650 | _aİngiliz edebiyatı, roman | ||
| 942 |
_2ddc _cBK |
||
| 999 |
_c1981 _d1981 |
||